| 000 | 00625nam a22002177a 4500 | ||
|---|---|---|---|
| 003 | OSt | ||
| 005 | 20140310181929.0 | ||
| 008 | 130722t xxu||||| |||| 00| 0 eng d | ||
| 020 | _a9780030555190 | ||
| 050 |
_aQ 181 _b.H758 2003 |
||
| 082 |
_aTRS 507 _bH74 2003 |
||
| 245 |
_aHolt Science Spectrum. A balanced approach : _blaboratory expirements. / |
||
| 260 |
_aAustin : _bHolt, Rinehart & Winston, _cc2003. |
||
| 300 |
_a84 p. : _c27 cm. |
||
| 500 | _a"Teacher's edition". | ||
| 521 | _aFaculty | ||
| 541 | _j1 | ||
| 562 | _e1 | ||
| 650 |
_aScience _xLaboratory manuals. _92612 |
||
| 942 |
_2lcc _cBK-TR _kTR |
||
| 999 |
_c7305 _d7305 |
||